Comunicación no verbal - CNV: cómo la inteligencia emocional se expresa a través de los gestos (Registro nro. 3103)

Detalles MARC
000 -Cabecera
Campo de control de longitud fija 01850aam a2200577 4500
005 - Fecha y hora de la última transacción
Campo de control 20251003135930.0
008 - Elementos de longitud fija--Información general
Campo de control de longitud fija 150625b2012 xxu||||| |||| 00| 0 spa d
020 ## - International Standard Book Number
Número Internacional Estándar del Libro (ISBN) 9789506414979
041 ## - Idioma
Código de idioma Español
082 ## - Clasificación Decimal Dewey
Número de clasificación 302.222 R935c
100 ## - Entrada principal--Autor personal
Nombre personal Rulicki, Sergio
9 (RLIN) 26449
100 ## - Entrada principal--Autor personal
Nombre personal Cherry, Martin
9 (RLIN) 26450
245 ## - Título propiamente dicho
Título Comunicación no verbal - CNV: cómo la inteligencia emocional se expresa a través de los gestos
260 ## - Pie de imprenta
Lugar de publicación, distribución, etc. Argentina
260 ## - Pie de imprenta
Nombre del editor, distribuidor, etc. Granica
260 ## - Pie de imprenta
Fecha de publicación, distribución, etc. 2012
300 ## - Descripción física
Extensión 189 páginas
490 ## - Serie
Título de la Serie Temática General
505 ## - Nota de contenido
Nota de contenido Parte I. Qué es la CNV<br/>Parte II. Herramientas no-verbales de inteligencia emocional
650 ## - Materia general
Temática (materia general) COMUNICACIÓN NO VERBAL
650 ## - Materia general
Temática (materia general) FUNCIONES DE LA COMUNICACIÓN NO VERBAL
650 ## - Materia general
Temática (materia general) INTELIGENCIA EMOCIONAL
650 ## - Materia general
Temática (materia general) SISTEMAS DE LA COMUNICACIÓN NO VERBAL
650 ## - Materia general
Temática (materia general) SISTEMA KINÉSTICO
650 ## - Materia general
Temática (materia general) SUBSISTEMA GESTUAL Y POSTURAL
650 ## - Materia general
Temática (materia general) SUBSISTEMA OCULAR
650 ## - Materia general
Temática (materia general) SISTEMA PROXÉMICO
650 ## - Materia general
Temática (materia general) SISTEMA CRONÉMICO
650 ## - Materia general
Temática (materia general) SISTEMA PARANLINGÜISTICO
650 ## - Materia general
Temática (materia general) EXPRESIÓN FACIAL DE LAS EMOCIONES
650 ## - Materia general
Temática (materia general) EL LENGUAJE DE LA COMUNICACIÓN NO VERBAL
650 ## - Materia general
Temática (materia general) GESTOS
650 ## - Materia general
Temática (materia general) POSTURAS
650 ## - Materia general
Temática (materia general) EXPRESIONES
650 ## - Materia general
Temática (materia general) ACTITUD
650 ## - Materia general
Temática (materia general) ESTILO
650 ## - Materia general
Temática (materia general) COMPORTAMIENTO NO VERBAL ESTRATÉGICO
650 ## - Materia general
Temática (materia general) HERRAMIENTAS NO-VERBALES DE INTELIGENCIA EMOCIONAL
650 ## - Materia general
Temática (materia general) ASERTIVIDAD
650 ## - Materia general
Temática (materia general) COOPERACIÓN
650 ## - Materia general
Temática (materia general) EMPATÍA
650 ## - Materia general
Temática (materia general) CONTACTO FÍSICO
650 ## - Materia general
Temática (materia general) APRETÓN DE MANOS
650 ## - Materia general
Temática (materia general) EL HANDSHAKE DE LA GLOBALIZACIÓN
650 ## - Materia general
Temática (materia general) HANDSHAKE FEMENINO
650 ## - Materia general
Temática (materia general) LA VOCACIÓN POR LA COMUNICACIÓN EMPÁTICA
650 ## - Materia general
Temática (materia general) MANIFESTAR POSTURAS ABIERTAS
650 ## - Materia general
Temática (materia general) EXPRESIÓN FACIAL
650 ## - Materia general
Temática (materia general) INTELIGENCIA EMOCIONAL
942 ## - Punto de acceso adicional KOHA
Tipo de ítem KOHA Libro
Fuente del sistema de clasificación o colocación Dewey Decimal Classification
Existencias
Signatura completa Código de barras Programa Académico Tipo de ítem
302.222 R935c 17917 Temática General Libro
302.222 R935c 23568 Temática General Libro